000 00275nam a22001217a 4500
008 170502b xxu||||| |||| 00| 0 eng d
041 _aeng
080 _22ND
_a34
100 _a13
101 _aSHJ
245 _aETHICS OF THE LAWYER'S WORK
_cMOLITERNO, J.E
942 _2udc
_cBK
999 _c12326
_d12326